DCI & Nom commercial des médicaments - Partie 1 - Statistiques

Statistiques générales
  • Ce quiz a été pris 37 fois
  • Le résultat moyen est 12 sur 105
Statistiques - réponses
Nom Commercial DCI % Correct
Advil Ibuprofène
72%
Acupan Néfopam
72%
Amlor Amlodipine
69%
Abilify Aripiprazole
45%
Aspégic Aspirine
45%
Aldactone Spironolactone
41%
Aprovel Irbésartan
38%
Anapen Adrénaline
34%
Atropine Atropine
34%
Bisoce Bisoprolol
34%
Atacand Candésartan
31%
Adenuric Fébuxostat
31%
Atarax Hydroxyzine
31%
Abasaglar Insuline lente
31%
Avodart Dutastéride
28%
Actonel Risédronate
28%
Brilique Ticagrélor
28%
Azyter Azithromycine
21%
Buspirone Buspirone
21%
Actiskenan Sulfate de morphine
21%
Advagraf Tacrolimus
21%
Amikacine Amikacine
17%
Augmentin Amoxiciline + Acide clavulanique
17%
Betaserc Bétahistine
17%
Bléomycine Bléomycine
17%
Bupivacaine Bupivacaïne
17%
Anafranil Clomipramine
17%
Apranax Naproxène
17%
Azactam Aztréonam
14%
Aromasine Exémestane
14%
Atrovent Ipratropium
14%
Brexin Piroxicam
14%
Probénécide Probénécide
14%
Adoport Tacrolimus
14%
Aotal Acamprosate
10%
Ambisome Amphotéricine B
10%
Azopt Brinzolamide
10%
Aricept Donépézil
10%
Abstral Fentanyl
10%
Amarel Glimépiride
10%
Aldomet Méthyldopa
10%
Aclasta Acide zolédronique
7%
Bendamustine Bendamustine
7%
Ascabiol Benzoate de benzyle
7%
Anéxate Flumazénil
7%
Actrapid Insuline rapide
7%
Alimta Pémétrexed
7%
Azilect Rasagiline
7%
Bricanyl Terbutaline
7%
Androgel Testostérone
7%
Boostrixtetra Vaccin DTCaP
7%
Actilyse Altéplase
3%
Abelcet Amphotéricine B
3%
Bivalirudine Bivalirudine
3%
Arixtra Fondaparinux
3%
Bactroban Mupirocine
3%
Adalate Nifédipine
3%
Androcur Pilules macroprogestatives
3%
Bactrim Triméthoprime
3%
Actosolv Urokinase
3%
Aredia Acide pamidronique
0%
Arimidex Anastrozole
0%
Arganova Argatroban
0%
Bavencio Avélumab
0%
Benlysta Bélimumab
0%
Basdène Benzylthiouracile
0%
Betnesol Béthaméthasone
0%
Avastin Bévacizumab
0%
Béfizal Bézafibrate
0%
Bosulif Bosutinib
0%
Alphagan Brimonidine tartrate
0%
Burinex Bumétanide
0%
Alfatil Céfaclor
0%
Apéxim Céfépime
0%
Agyrax Chlorhydrate de méclozine
0%
Altim Cortivazol
0%
Aracytine Cytarabine
0%
Adriblastine Doxorubicine
0%
Androtardyl Énanphate de testostérone
0%
Benepali Étanercept
0%
Bydureon Exénatide
0%
Byetta Exénatide
0%
Béagyne Fluconazole
0%
Ancotil Flucytosine
0%
Apidra Glulisine (insuline rapide)
0%
Avonex Interféron bêta-1a
0%
Betaferon Interféron bêta-1b
0%
Aerrane Isoflurane
0%
Arava Léflunomide
0%
Alkeran Melphalan
0%
Betmiga Mirabégron
0%
Anandron Nilutamide
0%
Arestal Oxyde de lopéramide
0%
Abraxane Paclitaxel
0%
Akynzeo Palonosétron
0%
Aloxi Palonosétron
0%
Antigone Pilules microprogestatives
0%
Biltricide Praziquantel
0%
Alpress Prazosine
0%
Adartrel Ropirinole
0%
Biktarvy Ténofovir + emtricitabine + bictégravir
0%
Aubagio Tériflunomide
0%
Agrastat Tirofiban
0%
Bexero Vaccin contre le méningocoque B
0%
Avaxim Vaccin contre l'hépatite A
0%
Aucun quiz correspondant
Distribution des résultats
% des personnes avec chaque résultat
Percentile par nombre de réponses
Votre historique - résultats
Vous n’avez pas pris ce quiz